00720nam a2200289Ia 4500008004000000020001500040041000800055082001500063100001800078245010800096260003700204300001000241650001800251650001200269650000800281650001000289650001800299650000700317650001200324650001600336650001100352650000800363650001500371650001300386650000800399700002300407210210b2010 xxu||||| |||| 00| 0 eng d a813160330X aeng a321.8 KUMQ aKUMAR (Anand) aQuest for participatory democracy: towards understanding the approach of Gandhi and Jayaprakash Narayan aJaipurbRawat Publicationsc2010 ax,425 aunderstanding atowards athe aQuest aparticipatory aof aNarayan aJayaprakash aGandhi afor ademocracy: aapproach aand aTIWARI (Manish) Ed